00881nam a2200229 a 450000100100000000500170001000800410002704000250006808200180009310000360011124500390014726000370018630000200022359000260024365000380026965000300030765000220033791000370035995201160039695201220051299900170063400003212020200930063440.0110712s19uu dr 000 0 spa d aDO-SdBNPbspacBNPHU a133.89bP438v1 aPérez, Domingo,d1952-95823710aViaje del alma /cDomingo Pérez. a[Santo Domingo :bs.n.,c19--?]. a78 p. ;c21 cm. aInventariado, 2018/LP 4aPercepción extrasensorial91462 4aSugestión mental958238 4aHipnotismo939184 aValidado. Control de calidad EMS 0010718PDaPDbPDcHDd2011-07-12iLF1l0o133.89 P438vp32120-10r2020-06-25w2020-06-25yLFPDZNo se presta 0010718PDaPDbPDcHDd2011-07-12iLF1l0o133.89 P438vp32120-20r2020-06-25te. 2w2020-06-25yLFPDZNo se presta c31611d31611